000 01371ntm a22005177a 4500
005 20260313160758.0
008 190523b2018 xxu||||| |||| 00| 0 spa d
020 _a9788494845390
041 _aESP
082 _a364.153 G643m
100 _aGonzález Fernández, Jorge
_953635
245 _aManual de atención y valoración pericial en violencia sexual: guía de buenas prácticas
260 _aEspaña
260 _bBosch editor
260 _c2018
300 _a680 páginas
490 _aInvestigación Criminal
650 _aVIOLENCIA SEXUAL
650 _aSEXOLOGÍA FORENSE
650 _aLIBERTAD SEXUAL
650 _aABUSO SEXUAL
650 _aACOSO SEXUAL
650 _aEXHIBICIONISMO
650 _aPROSTITUCIÓN
650 _aPORNOGRAFÍA INFANTIL
650 _aVÍCTIMAS SEXUALES
650 _aMUJERES AGREDIDAS
650 _aEXPLORACIÓN FÍSICA
650 _aGINECOLOGÍA
650 _aAGRESIONES SEXUAL
650 _aDAÑO PSICOLÓGICO
650 _aDELINCUENTES SEXUALES
650 _aPEDOFILIA
650 _aSADISMO
650 _aMASOQUISMO
650 _aVOYEURISMO
650 _aFROTEURISMO
650 _aFETICHISMO
650 _aMENORES ABUSADOS
650 _aDISCAPACIDAD
650 _aADULTOS MAYORES
650 _aGAYS
650 _aLESBIANAS
650 _aTRANSEXUALES
942 _cBK
_2ddc
999 _c11926
_d11926